| 000 | 00466nam a2200193Ia 4500 | ||
|---|---|---|---|
| 008 | 220204s9999 xx 000 0 und d | ||
| 082 |
_a579 _bSTA |
||
| 100 | _aSTANIER, Roger Y | ||
| 245 | 0 | _aGeneral microbiology | |
| 250 | _aEd.3 | ||
| 260 |
_aNew Delhi _bMacmillan _c1974 |
||
| 650 | _aBacteria | ||
| 650 | _aGenetic recombination | ||
| 650 | _aMicrobial metabolism | ||
| 650 | _aMicrobiology | ||
| 650 | _aMutation | ||
| 650 | _aSymbiosis | ||
| 942 | _cBK | ||
| 999 |
_c22713 _d22713 |
||